Jak znasz Taylor Swift? - Statystyki

Ogólne statystyki
  • Ten quiz został rozwiązany 853 razy
    844 od ostatniego zresetowania
  • Średni wynik to 10 z 16
Statystyki odpowiedzi
Zagadnienie Odpowiedź % Poprawnych
No to na pierwszy ogień: z jakiego kraju pochodzi Taylor? USA
96%
Uporządkuj jej albumy chronologicznie (czyli od najstarszego do najmłodszego). ''Taylor Swift'', ''Fearless'', ''Speak Now'', ''Red'', ''1989'', ''Reputation'', ''Lover''
91%
To już może być trudniejsze: w jakim stanie urodziła się Taylor? Pensylwania
89%
Jaka jest jej szczęśliwa liczba? 13
88%
Jakie jest drugie imię Taylor? Alison
86%
Podstawy jakich języków zna Tay? Japoński, niemiecki, francuski, włoski
86%
Dorzućmy miesiąc, w którym się urodziła! Grudzień
84%
W jakiej porze roku się urodziła Taylor? w zimie
71%
Jaka jest jej pierwsza opublikowana piosenka? "Tim McGraw"
70%
Podobał Ci się quiz? TAK!!! Taylor to najlepsza z najlepszych piosenkarek!!!
66%
Taylor uważa, że jest podobna do pewnego leśnego zwierza. Jakiego? lisa
46%
To pytanie też może być dziwne. Jaki rozmiar butów nosi Taylor? 39
39%
Może to dziwne pytanie, jak poprzednie. Czego światło najbardziej lubi Taylor? świec
32%
Za którym razem Taylor zdała egzamin na prawo jazdy? za 3.
18%
Jakimi piłkami ma wypełnione akwarium w salonie? baseball'owymi
14%
Ile lat ma Taylor? (2020) 30
9%
Nie znaleziono quizów pasujących do podanych kryteriów
Rozkład punktacji
Procent ludzi z każdym wynikiem
Percentyl według liczby udzielonych odpowiedzi
Twoja historia wyników
Nie rozwiązałeś tego quizu od ostatniego zresetowania